000 00577nam a22002057a 4500
003 UA-OsUOA
001 73164
007 ta
008 20110214b un ||||| |||| 00| 0 ukr d
090 _a82
_bР11
942 _cSA
040 _aUA-OsUOA
_bukr
_cUA-OsUOA
_dUA-OsUOA
245 _a"Річка Геракліта". Нові вірші з поетичної книжки Ліни Костенко
300 _aС.10
955 _a0
041 _aukr
080 _a82
773 0 _w73161
650 7 _a82 Література. Літературознавство
_2UDC
999 _c359447
_d359447